Nascar Xfinity Series Most Popular Driver - Statistics

General Stats
  • This quiz has been taken 17 times
  • The average score is 11 of 32
Answer Stats
Year(s) Driver % Correct
2019-2021 Justin Allgaier
82%
2023-2024 Justin Allgaier
82%
2022 Noah Gragson
82%
1983-1984 Sam Ard
82%
2014-2015 Chase Elliott
73%
1999 Dale Earnhardt Jr.
64%
2012 Danica Patrick
45%
2011 Elliott Sadler
45%
2016-2018 Elliott Sadler
45%
1990 Bobby Labonte
36%
2008-2010 Brad Keselowski
36%
2002 Greg Biffle
36%
1991 Kenny Wallace
36%
1994 Kenny Wallace
36%
2006 Kenny Wallace
36%
2001 Kevin Harvick
36%
2004-2005 Martin Truex Jr.
36%
2013 Regan Smith
36%
2007 Carl Edwards
27%
1986 Brett Bodine
18%
1988 Larry Pearson
18%
1989 Rob Moroso
18%
1998 Buckshot Jones
9%
1995 Chad Little
9%
1996 David Green
9%
1982 Jack Ingram
9%
1985 Jimmy Hensley
9%
1987 Jimmy Hensley
9%
1997 Mike McLaughlin
9%
2000 Ron Hornaday Jr.
9%
2003 Scott Riggs
9%
1992-1993 Joe Nemecheck
0%
No matching quizzes found
Score Distribution
Percent of People with Each Score
Percentile by Number Answered
Your Score History
You have not taken this quiz